00716 a2200169 4500003000500000005001700005040000900022082001700031100002400048245004800072260003700120300001300157505020500170942002600375999001900401952012600420Nust20230406091115.0 cNust a954.9042,IQB aIqbal, Javid 94619 aThe legacy of Quaid i Azam / cJavid Iqbal aRawalpindibFerozoons Ltd c1967 a99 pages aIntroduction (Page-1), Islamic Democracy (Page-19), Islamic Socialism (Page-58), National Consolidation (Page-66), Education (Page-73), Services (Page-76), Foreign Policy (Page-84), Defence (Page-92). 2ddccBKk954.9042,IQB c194027d194027 00102ddc4070aMCSbMCScGENd2016-12-12o954.9042,IQBpMCS29565r2016-12-08w2016-12-12yBKzAlmirah No.75, Shelf No.7